Reclams Kunstführer Deutschland

Saved in:  
Bibliographic Details
Format: Print Book
Language:German
Subito Delivery Service: Order now.
Check availability: HBZ Gateway
WorldCat: WorldCat
Interlibrary Loan:Interlibrary Loan for the Fachinformationsdienste (Specialized Information Services in Germany)
Published: Stuttgart Reclam 1964-
In:Year: 1964
Reviews:Reclams Kunstführer Deutschland (1960) (Merkle, Gottlieb, 1905 - 1974)
Volumes / Articles:Show volumes/articles.
Series/Journal:Universal-Bibliothek ...
Standardized Subjects / Keyword chains:B Deutschland (boat, 1866-1875) / Art guide book

MARC

LEADER 00000cam a2200000 ca4500
001 1083881388
003 DE-627
005 20240615135235.0
007 tu
008 880330m19649999xx ||||| 00| ||ger c
015 |a 87,A45,0859  |2 dnb 
016 7 |a 551322330  |2 DE-101 
035 |a (DE-627)1083881388 
035 |a (DE-576)013881388 
035 |a (DE-599)DNB551322330 
035 |a (OCoLC)714242154 
040 |a DE-627  |b ger  |c DE-627  |e rakwb 
041 |a ger 
084 |a 1  |2 ssgn 
084 |a RC 25012  |2 rvk  |0 (DE-625)rvk/142225:12583 
084 |a LH 10060  |2 rvk  |0 (DE-625)rvk/92197: 
084 |a LK 11080  |2 rvk  |0 (DE-625)rvk/97542: 
084 |a LK 11000  |q DE-24/20sred  |2 rvk  |0 (DE-625)rvk/97538: 
245 0 0 |a Reclams Kunstführer Deutschland 
264 1 |a Stuttgart  |b Reclam  |c 1964- 
336 |a Text  |b txt  |2 rdacontent 
337 |a ohne Hilfsmittel zu benutzen  |b n  |2 rdamedia 
338 |a Band  |b nc  |2 rdacarrier 
490 0 |a Universal-Bibliothek  |v ... 
689 0 0 |d g  |0 (DE-588)4011882-4  |0 (DE-627)104704861  |0 (DE-576)208896155  |2 gnd  |a Deutschland 
689 0 1 |d s  |0 (DE-588)4166029-8  |0 (DE-627)104492910  |0 (DE-576)209899433  |2 gnd  |a Kunstführer 
689 0 |5 (DE-627) 
787 0 8 |i Rezension  |a Merkle, Gottlieb, 1905 - 1974  |t Reclams Kunstführer Deutschland  |d 1960  |w (DE-627)1522303642  |w (DE-576)452303648 
935 |a mteo 
936 r v |a RC 25012  |b Allgemeine Reiseführer (in geschlossenen größeren Reihen sowie solche mit mehreren Fachrichtungen; z.B. historisch-kunsthistorische Führer, geologisch-botanische Wanderführer u.ä.)  |k Geografie  |k Regionale Geografie  |k Europa  |k Mitteleuropa  |k Deutschland  |k Deutschland (Westliche Länder)  |k Deutschland (Westliche Länder)  |k Unterlagen für die gesamte Geografie  |k Bibliografien und Nachschlagewerke  |k Allgemeine Reiseführer (in geschlossenen größeren Reihen sowie solche mit mehreren Fachrichtungen; z.B. historisch-kunsthistorische Führer, geologisch-botanische Wanderführer u.ä.)  |0 (DE-627)1270930982  |0 (DE-625)rvk/142225:12583  |0 (DE-576)200930982 
936 r v |a LH 10060  |b Reclams Kunstführer  |k Kunstgeschichte  |k Allgemeines. Allgemeine Kunstgeschichte  |k Kunstführer, Kunstreiseführer  |k Große übernationale Reihen  |k Reclams Kunstführer  |0 (DE-627)1271071223  |0 (DE-625)rvk/92197:  |0 (DE-576)201071223 
936 r v |a LK 11080  |b Baden-Württemberg  |k Kunstgeschichte  |k Kunst nach Ländern bzw. Kontinenten  |k Deutschland  |k Kunsttopografie Deutschlands  |k Einzelne deutsche Länder  |k Baden-Württemberg  |0 (DE-627)1270930850  |0 (DE-625)rvk/97542:  |0 (DE-576)200930850 
936 r v |a LK 11000  |b Gesamtdeutschland (oder einzelne Teile Deutschlands)  |k Kunstgeschichte  |k Kunst nach Ländern bzw. Kontinenten  |k Deutschland  |k Kunsttopografie Deutschlands  |k Gesamtdeutschland (oder einzelne Teile Deutschlands)  |0 (DE-627)1270641050  |0 (DE-625)rvk/97538:  |0 (DE-576)200641050 
951 |a MC 
ELC |b 1 
ITA |a 1  |t 1 
LOK |0 000 xxxxxcx a22 zn 4500 
LOK |0 001 246790041X 
LOK |0 003 DE-627 
LOK |0 004 1083881388 
LOK |0 005 20020518000000 
LOK |0 008 940204||||||||||||||||ger||||||| 
LOK |0 040   |a DE-21  |c DE-627  |d DE-21 
LOK |0 852   |a DE-21 
LOK |0 852 1  |9 00 
LOK |0 939   |a 04-02-94  |b l01 
LOK |0 000 xxxxxcx a22 zn 4500 
LOK |0 001 2467900428 
LOK |0 003 DE-627 
LOK |0 004 1083881388 
LOK |0 005 20051014000000 
LOK |0 008 051014||||||||||||||||ger||||||| 
LOK |0 040   |a DE-21-64  |c DE-627  |d DE-21-64 
LOK |0 852   |a DE-21-64 
LOK |0 852 1  |m p  |9 00 
LOK |0 935   |a k064 
LOK |0 938   |k p 
LOK |0 939   |a 14-10-05  |b l01 
LOK |0 000 xxxxxcx a22 zn 4500 
LOK |0 001 2467900436 
LOK |0 003 DE-627 
LOK |0 004 1083881388 
LOK |0 005 20020509000000 
LOK |0 008 931207||||||||||||||||ger||||||| 
LOK |0 040   |a DE-21-35  |c DE-627  |d DE-21-35 
LOK |0 852   |a DE-21-35 
LOK |0 852 1  |c Mu 4.043  |m p  |9 00 
LOK |0 938   |k p 
LOK |0 939   |a 07-12-93  |b l01 
LOK |0 000 xxxxxcx a22 zn 4500 
LOK |0 001 2467900444 
LOK |0 003 DE-627 
LOK |0 004 1083881388 
LOK |0 005 19960716000000 
LOK |0 008 960716||||||||||||||||ger||||||| 
LOK |0 040   |a DE-21-108  |c DE-627  |d DE-21-108 
LOK |0 092   |o l 
LOK |0 541   |e 466/65#563/82 
LOK |0 852   |a DE-21-108 
LOK |0 852 1  |c Einzelsignaturen  |m p  |9 00 
LOK |0 866   |a Vorh.: Bd. 1 ; 3 ; 5 
LOK |0 938   |k p 
LOK |0 939   |a 16-07-96  |b l01 
LOK |0 000 xxxxxcx a22 zn 4500 
LOK |0 001 2467900452 
LOK |0 003 DE-627 
LOK |0 004 1083881388 
LOK |0 005 20020511000000 
LOK |0 008 960716||||||||||||||||ger||||||| 
LOK |0 040   |a DE-21-108  |c DE-627  |d DE-21-108 
LOK |0 092   |o l 
LOK |0 541   |e 2799/92 
LOK |0 852   |a DE-21-108 
LOK |0 852 1  |c Allg P 10/Rec 1c  |m p  |9 00 
LOK |0 866   |a Vorh.: Bd. 1 - 6 
LOK |0 938   |k p 
LOK |0 939   |a 16-07-96  |b l02 
LOK |0 000 xxxxxcx a22 zn 4500 
LOK |0 001 2586357205 
LOK |0 003 DE-627 
LOK |0 004 1083881388 
LOK |0 005 20081127160406 
LOK |0 008 081127||||||||||||||||ger||||||| 
LOK |0 040   |a DE-21-32b  |c DE-627  |d DE-21-32b 
LOK |0 852   |a DE-21-32b 
LOK |0 852 1  |m p  |9 00 
LOK |0 935   |a k32b  |a kneu 
LOK |0 938   |k p 
LOK |0 939   |a 27-11-08  |b l01 
LOK |0 000 xxxxxcx a22 zn 4500 
LOK |0 001 2615398199 
LOK |0 003 DE-627 
LOK |0 004 1083881388 
LOK |0 005 20091123120952 
LOK |0 008 091123||||||||||||||||ger||||||| 
LOK |0 040   |a DE-21-22  |c DE-627  |d DE-21-22 
LOK |0 852   |a DE-21-22 
LOK |0 852 1  |m p  |9 00 
LOK |0 935   |a k022 
LOK |0 938   |k p 
LOK |0 939   |a 23-11-09  |b l01 
ORI |a SA-MARC-ixtheoa001.raw 
REL |a 1 
SPR |a 1  |t IXT  |t REL 
STA 0 0 |a Art guide book,Deutschland (boat, 1866-1875),Germany,Germany,Germany,Germany,German Federal Republic (motif),Germany,Germany,Germany,Germany,Germany,Germany,Federal Republic of Germany,Germany,Germany,German Democratic Republic,Germany,Germany,Soviet Occupation Zone,French Occupation Zone 
STB 0 0 |a Deutschland (bateau, 1866-1875),Allemagne,Allemagne,République fédérale d'Allemagne (motif),Guide d’art,Guide artistique (livre),Guide artistique 
STC 0 0 |a Alemania,Alemania,Guía de arte 
STD 0 0 |a Germania,Germania,Guida artistica 
STE 0 0 |a 德国,德国 
STF 0 0 |a 德國,德國 
STG 0 0 |a Alemanha,Alemanha,Guia de arte 
STH 0 0 |a Германия (ГДР, мотив),Германия (мотив),Путеводитель по памятникам искусства 
STI 0 0 |a Γερμανία (ΛΔΓ, μοτίβο),Γερμανία (μοτίβο),Οδηγός τέχνης 
SUB |a REL 
SYG 0 0 |a DDR,Deutsche Demokratische Republik,Germany,Amerikanische Zone Deutschlands,BRD,Britische Zone Deutschlands,Bundesrepublik Deutschland,Französische Zone Deutschlands,Vereinigtes Wirtschaftsgebiet Deutschlands,BRD,Bundesrepublik Deutschland , Vereinigtes Wirtschaftsgebiet,Bizone,Verwaltung des Vereinigten Wirtschaftsgebietes,Französische Zone,Zone Française d'Occupation,Französische Besatzungszone,ZFO,Britische Zone,British occupation zone,Britische Besatzungszone,British Zone of Control,Britisches Kontrollgebiet,British Element,Britisches Element,Sowjetische Zone,Russische Zone,Sowjetische Besatzungszone,Russische Besatzungszone,Sowjetische Besatzungszone Deutschlands,Sowjetische Besatzungszone in Deutschland,Sowjetisch Besetzte Zone,Sowjetzone,Ostzone,SBZ,Länder,Westliche Bundesländer,Alte Bundesländer,Deutschland,Westdeutschland,Deutschland,Westzonen,Westliche Besatzungszonen,Trizone,Amerikanische Zone,American occupation zone,Amerikanische Besatzungszone,ABZ,United States Area of Control,Amerikanisches Kontrollgebiet,U.S. zone of occupation,United States Zone,U.S. Zone,US-Zone,Deutsche Demokratische Republik,DDR,Deutschland,German Democratic Republic,GDR,République Démocratique Allemande,RDA,Germanskaja Demokratičeskaja Respublika,Demokratičeskaja Respublika,Democratic Republic,Demokratische Republik,Niemiecka Republika Demokratyczna,NRD,Ǧumhūrīyat Almāniyā ad-Dīmuqrāṭīya,República Democrática Alemana,Saksan Demokraattisen Tasavallan,Repubblica Democratica Tedesca,Mitteldeutschland,Ostdeutschland,East Germany,Ostzone,Östliche Bundesländer,Neue Bundesländer,Länder,Deutschland,Ostdeutschland,Deutschland,Deutschland,Alemanha,Alemania,Allemagne,Almanija,Almāniyā,Bondsrepubliek Duitsland,BRD,BRD,Bundesrepublik Deutschland,Deutschland,Deutschland,Federal Republic of Germany,Förbundsrepubliken Tyskland,Förbundsrepublikken Tyskland,FRG,Germany,Németországi Szövetségi Kőztársaság,Niemiecka Republika Federalna Niemiecka Republika Federalna,NRF,Repubblica Federale di Germania,Republic of Germany,República Federal da Alemanha,República Federal de Alemania,Republik Federasi Djerman,Republika Federalna Niemiec,République Fédérale d'Allemagne,RFN,Saksan Liittotasavalta,Westdeutschland,Deutsche Länder,Germany,Heiliges Römisches Reich,Rheinbund,Deutscher Bund,Norddeutscher Bund,Deutsches Reich,Deutschland,Deutschland,BRD,Federal Republic of Germany,Republic of Germany,Allemagne,Ǧumhūrīyat Almāniyā al-Ittiḥādīya,Bundesrepublik Deutschland,BRD,Niemcy,République Fédérale d'Allemagne,Repubblica Federale di Germania,Germanija,Federativnaja Respublika Germanija,FRG,Deyizhi-Lianbang-Gongheguo , Kunst,Kunstreiseführer 
TIM |a 100019901003_100020261231  |b 1990-10-03 - 2026